000 00988nas a2200325 4500
001 BR2011003028
003 BR-BrBNA
005 20231205115328.0
007 ta
008 230509b bl.|||p| |||| 00| 00por d
040 _aBR-BrBNA
_bpor
_cBiblioteca Nacional de Agricultura
041 _a(Pt)
072 _aL73
100 1 _aYamasaki, L.
100 1 _aBoselli-Grott, C.C.
100 1 _aAlfieri, A.A.
100 1 _aSilva, E.O.
100 1 _aOliveira, R.L.
100 1 _aCamargo, P.L.
100 1 _aBracarense, A.P.F.R.L.
245 1 _aAlterações histológicas da pars esophagea de suínos e sua relação com Helicobacter spp.
650 _aSUÍNO
650 _aDOENÇA ANIMAL
650 _aBACTÉRIA
650 _aESTÔMAGO
650 _aÚLCERA
773 0 _tArquivo Brasileiro de Medicina Veterinária e Zootecnia (Brazil)
_xISSN 0102-0935
_g(Jun 2009), v. 61(3) p. 553-560
_wBR2011003028
909 _a202311
_bLúcia
_c55
_dLúcia Elande
942 _2AGRIS
_n0
_cANA
999 _c213244
_d213244